00348nam a2200121Ia 450000500170000000800410001702000180005808200240007610000310010024500570013126000250018830000130021320250314103043.0231217s9999 xx 000 0 und d a9788173668616 a001.64404 HAW;1 R aHawley, RainaHawley, David 0aExcel hacks : 100 industrial strength tips and tools c2004bShroffaMumbai axvii+283